000
00200nam a2200109Ia 4500
100
_a
MAGGIE/JARVIS
942
_c
BK
245
_a
WISDOM OF CHINA
260
_b
#N/A
546
_a
ENGLISH
999
_c
27381
_d
27381